| 000 | 00541nam a22001817a 4500 | ||
|---|---|---|---|
| 003 | NUST | ||
| 038 | _aMr. Zahoor | ||
| 082 | _a670.5 | ||
| 100 |
_aAtta, Talha _917465 |
||
| 245 |
_aHydrodynamic of Suboff Model _cTalha Atta |
||
| 260 |
_aIslamabad : _bSMME - NUST, _c2018. |
||
| 300 |
_axiii, 80 p. : ill. ; _c30cm. |
||
| 500 | _aHardcover. | ||
| 650 |
_aDesign and Manufacturing Engineering - MS Thesis _916133 |
||
| 700 |
_aDr. Emad Ud Din _916109 |
||
| 856 | _uhttp://10.250.8.41:8080/xmlui/handle/123456789/12439 | ||
| 942 |
_2ddc _cTHE |
||
| 999 |
_c526458 _d526458 |
||